Assessing external sustainability in India

Salvato in:
Dettagli Bibliografici
Autore principale: Callen, Tim
Altri autori: Cashin, Paul
Natura: Libro
Lingua:inglese
Pubblicazione: Washington International Monetary Fund 1999
Serie:IMF Working Paper WP/99/181
Soggetti:
Tags: Aggiungi Tag
Nessun Tag, puoi essere il primo ad aggiungerne!!

MARC

LEADER 00000nam a2200000 4500
001 c123966
005 20221221081613.9
041 0 |a eng 
044 |a US 
245 1 0 |a Assessing external sustainability in India  |c Tim Callen, Paul Cashin 
264 1 |a Washington  |b International Monetary Fund  |c 1999 
300 |a 30 s. 
490 1 |a IMF Working Paper  |v WP/99/181 
830 0 |a IMF Working Paper  |v WP/99/181 
610 2 0 |a rozvoj hospodársky 
610 2 0 |a rozvoj trvalo udržateľný 
610 2 0 |a vzťahy devízovo-finančné 
610 2 0 |a vzťahy hospodárske vonkajšie 
610 2 0 |a India 
100 1 |a Callen, Tim 
700 1 |a Cashin, Paul